Tuyển tập tiêu chuẩn xây dựng của Việt Nam = Proceeding of Vietnam construction standards Tập II Tiêu chuẩn thiết kế : Quy hoạch, khảo sát, Những vấn đề chung về thiết kế

Giới thiệu 37 tiêu chuẩn nhà nước về quy hoạch, khảo sát những vấn đề chung về thiết kế trong xây dựng

Na minha lista:
Detalhes bibliográficos
Formato: Livro
Idioma:Vietnamese
Publicado em: H. Xây dựng 2010
Edição:Tái bản
Assuntos:
Tags: Adicionar Tag
Sem tags, seja o primeiro a adicionar uma tag!
Thư viện lưu trữ: Thư viện Trường Đại học Nam Cần Thơ
LEADER 01275nam a22002057a 4500
001 NCT_37375
008 180529b xxu||||| |||| 00| 0 vie d
999 |c 1805  |d 1805 
020 |c 250000 
082 0 4 |2 23rd ed.  |a 624.0218  |b K304/T.2 
245 1 0 |a Tuyển tập tiêu chuẩn xây dựng của Việt Nam =   |b Proceeding of Vietnam construction standards  |n Tập II  |p Tiêu chuẩn thiết kế : Quy hoạch, khảo sát, Những vấn đề chung về thiết kế  |c Bộ Xây Dựng 
250 |a Tái bản 
260 |a H.  |b Xây dựng  |c 2010 
300 |a 393 tr.  |b bảng, hình vẽ  |c 31cm 
520 3 |a Giới thiệu 37 tiêu chuẩn nhà nước về quy hoạch, khảo sát những vấn đề chung về thiết kế trong xây dựng 
653 |a Kỹ thuật công trình xây dựng 
942 |2 ddc  |c BK 
952 |0 0  |1 0  |2 ddc  |4 0  |6 624_021800000000000_K304_T_2  |7 0  |9 8999  |a 000001  |b 000001  |d 2018-05-29  |o 624.0218 K304/T.2  |p MD.11254  |r 2018-05-29  |v 250000.00  |w 2018-05-29  |y BK 
952 |0 0  |1 0  |2 ddc  |4 0  |6 624_021800000000000_K304_T_2  |7 0  |9 9000  |a 000001  |b 000001  |d 2018-05-29  |o 624.0218 K304/T.2  |p MD.11255  |r 2018-05-29  |v 250000.00  |w 2018-05-29  |y BK 
980 |a Thư viện Trường Đại học Nam Cần Thơ